Movies Quiz

Random Movies or Rock Quiz
Score 0/149 Timer 11:00
3 Plays Today
Marty & Nigel dialogue % Correct
go
99%
go
99%
go
99%
go
99%
NIGEL:
98.2%
NIGEL:
98.2%
NIGEL:
98.2%
NIGEL:
98.2%
NIGEL:
98.2%
NIGEL:
98.2%
MARTY:
98.2%
MARTY:
98.2%
MARTY:
98.2%
MARTY:
98.2%
MARTY:
98.2%
to
82.3%
to
82.3%
to
82.3%
to
82.3%
The
81.7%
the
81.7%
the
81.7%
the
81.7%
the
81.7%
the
81.7%
the
81.7%
eleven.
80.6%
eleven
80.6%
eleven
80.6%
eleven...
80.6%
eleven.
80.6%
Eleven.
80.6%
eleven!
80.6%
a
80.4%
the
80.2%
I
75.2%
ten.
72%
ten.
72%
ten.
72%
ten
72%
ten
72%
ten
72%
ten
72%
You
69%
you
69%
you
69%
you
69%
you
69%
it
64.1%
it?
64.1%
Marty & Nigel dialogue % Correct
it
64.1%
on
64%
on
64%
on
64%
do
63.6%
do...
63.6%
Why
62.7%
And
60.7%
and
60.7%
and
60.7%
up
59.9%
up,
59.9%
up,
59.9%
up;
59.9%
up
59.9%
Is
58.5%
is,
58.5%
don't
57.6%
don't
57.6%
These
57.3%
louder?
57.1%
louder,
57.1%
louder.
57.1%
louder,
57.1%
louder?
57.1%
louder?
57.1%
make
56.7%
make
56.7%
make
56.7%
just
55.8%
we
55.7%
we
55.7%
we
55.7%
one
53.6%
One
53.6%
amps
52.4%
that
50.2%
that
50.2%
that
50.2%
can
50.1%
What
49.1%
what
49.1%
all
47.1%
all
47.1%
all
47.1%
all
47.1%
not
46.4%
it's
45.6%
it's
45.6%
It's
45.6%
Marty & Nigel dialogue % Correct
there?
44.7%
of
44.5%
be
44.5%
be
44.5%
know,
44%
know.
44%
know
44%
most
41.4%
most
41.4%
if
41.3%
where
40.9%
Where?
40.9%
see,
39.2%
way
38.1%
way
38.1%
way
38.1%
isn't
37.7%
from
36.6%
little
36%
Well
35.7%
number,
35.3%
need
33.6%
guitar;
33.4%
top
32%
at
31.8%
your
31%
extra
29.8%
right
29.2%
Does
28.4%
here
25.2%
over
25.1%
any
24.8%
push
24.1%
will
23.4%
You're
23%
you're
23%
numbers
22.6%
mean
22.5%
Exactly.
20%
Exactly.
20%
Exactly.
20%
Look,
18.9%
Put
18.5%
Nowhere.
18.2%
playing
16.5%
cliff,
15.3%
across
14.3%
board:
13.9%
blokes,
12.1%

You're not logged in!

Compare scores with friends on all Sporcle quizzes.
OR
Log In

Sporcle TV

Today on Sporcle TV


Watch our educational content, quiz creation guides, and fun videos on Sporcle TV.

Show Comments

Extras

Top Quizzes Today


Score Distribution

Paid Content

Your Account Isn't Verified!

In order to create a playlist on Sporcle, you need to verify the email address you used during registration. Go to your Sporcle Settings to finish the process.

Report this User

Report this user for behavior that violates our Community Guidelines.

Details: